Beating the blues : (Record no. 76340)

MARC details
000 -LEADER
fixed length control field 00642nam a22001937a 4500
005 - DATE AND TIME OF LATEST TRANSACTION
control field 20130619111924.0
010 ## - LCCN (DPL NO)
LC control number ENG-107441
020 ## - INTERNATIONAL STANDARD BOOK NUMBER
International Standard Book Number 9788184002836
Terms of availability 299.00
035 ## - SYSTEM CONTROL NUMBER
System control number EN-90974
037 ## - SOURCE OF ACQUISITION
Source of stock number/acquisition DBAD/PUB
082 ## - DEWEY DECIMAL CLASSIFICATION NUMBER
Classification number 616.8527
100 ## - MAIN ENTRY--PERSONAL NAME
Personal name Hingorrany, Seema
245 ## - TITLE STATEMENT
Title Beating the blues :
Statement of responsibility, etc by Seema Hingorrany
Remainder of title a complete guide to overcoming depression /
260 ## - PUBLICATION, DISTRIBUTION, ETC. (IMPRINT)
Place of publication, distribution, etc Noida
Name of publisher, distributor, etc Randon House India
Date of publication, distribution, etc 2012
270 ## - ADDRESS
Address Windsor IT Park, 7th Floor, Tower-B, A-1,Sector-125
City Noida
Postal code 201301
300 ## - PHYSICAL DESCRIPTION
Extent xviii,202p.
Dimensions 21cm(pbk)
500 ## - GENERAL NOTE
General note includes bibliographical references
942 ## - ADDED ENTRY ELEMENTS (KOHA)
Source of classification or shelving scheme Dewey Decimal Classification
Item type English Books
Call number suffix HIN
Classification part 616.8527
Holdings
Withdrawn status Lost status Not for loan Collection code Home library Current library Date acquired Source of acquisition Cost, normal purchase price Full call number Barcode Copy number Cost, replacement price Koha item type
    Not For Loan Fiction D.B.Act.Division D.B.Act.Division 30/05/2013 DBAD / PUB 299.00 616.8527 HIN EN-90974 1 299.00 English Books

© Delhi Public Library
Hit Counter
free hit counter